Statystyki dla PAŃSTWA, PRZEZ KTÓRE PRZEPŁYWA RZEKA NIL

Kliknij tutaj aby rozwiązać quiz!

Ogólne statystyki

  • Ten quiz został rozwiązany 76 razy
  • Średni wynik to 6 z 8

Statystyki odpowiedzi

Odpowiedź% Poprawnych
Egipt
100%
Sudan
93%
Sudan południowy
92%
Etiopia
83%
Uganda
70%
Tanzania
69%
Rwanda
66%
Burundi
54%

Rozkład punktacji

Percentyl według liczby udzielonych odpowiedzi

Procent ludzi z każdym wynikiem

Twoja historia wyników

Nie rozwiązałeś tego quizu